[Event "SWE-chT 1718 Elite"]
[Site "Sweden"]
[Date "2018.02.03"]
[Round "5"]
[White "Cardenas, William"]
[Black "Engqvist, Thomas"]
[Result "1/2-1/2"]
[WhiteElo "2073"]
[BlackElo "2352"]
[PlyCount "186"]
[EventDate "2017.10.20"]
[EventType "team-tourn"]
[EventRounds "9"]
[EventCountry "SWE"]
[SourceTitle "EXT 2019"]
[Source "ChessBase"]
[SourceDate "2018.10.10"]
[SourceVersion "1"]
[SourceVersionDate "2018.10.10"]
[SourceQuality "1"]
[WhiteTeam "Upsala"]
[BlackTeam "Stockholm Rockaden"]
[WhiteTeamCountry "SWE"]
[BlackTeamCountry "SWE"]

1. d4 Nf6 2. c4 e6 3. Nf3 Bb4+ 4. Bd2 Qe7 5. g3 Nc6 6. Nc3 d5 7. Bg2 dxc4 8. 0-0 0-0 9. a3 Bxc3 10. Bxc3 Nd5 11. Qc2 b5 12. Nd2 Rb8 13. b3 Rd8 14. e3 Ba6 15. Rfd1 Rb6 16. Bb2 Na5 17. b4 Nc6 18. Bc3 f5 19. Qb2 Bc8 20. Re1 Rb8 21. Rad1 Bb7 22. Nf3 Nf6 23. Nd2 Nd5 24. Nf3 Rd6 25. Ne5 Rbd8 26. Nxc6 Bxc6 27. e4 fxe4 28. Bxe4 Nxc3 29. Qxc3 Qf6 30. Bxc6 Rxc6 31. Re4 Rd5 32. Qe3 Rcd6 33. Rf4 Rf5 34. Re4 Rf3 35. Qe2 Rxa3 36. Re1 Rd3 37. Rf4 Qg5 38. Qa2 R3xd4 39. Rxd4 Rxd4 40. Qxa7 Qd8 41. Qa6 Rd1 42. Qxe6+ Kh8 43. Rxd1 Qxd1+ 44. Kg2 Qd8 45. Qc6 Qb8 46. h4 h5 47. Qc5 Qe8 48. Qxc7 Qe4+ 49. Kh2 Qd5 50. Kg1 Kh7 51. Kh2 Qf5 52. Kg2 Qe4+ 53. Kh2 Qd4 54. Qf7 Qe5 55. Qf3 c3 56. Qd3+ Kh6 57. Kg2 g6 58. Kf1 Qc7 59. Qxb5 Kg7 60. Qa6 Kh7 61. Qa1 Qc4+ 62. Ke1 Qxb4 63. Kd1 Qd4+ 64. Kc2 Qxf2+ 65. Kb3 Qxg3 66. Qa7+ Kg8 67. Qe7 Qb8+ 68. Kc2 Qb2+ 69. Kd3 c2 70. Qe8+ Kh7 71. Qf7+ Qg7 72. Qf4 Qd7+ 73. Kxc2 Kg7 74. Kc3 Qc6+ 75. Kd3 Qb5+ 76. Ke4 Qe2+ 77. Kd4 Qb2+ 78. Ke4 Qb7+ 79. Kd4 Qb4+ 80. Ke3 Qe1+ 81. Kd4 Qd1+ 82. Ke4 Qc2+ 83. Ke5 Qc7+ 84. Ke4 Qc6+ 85. Ke5 Qd7 86. Qf6+ Kh7 87. Qf4 Qg7+ 88. Ke6 Qb7 89. Qf7+ Qxf7+ 90. Kxf7 Kh6 91. Kf6 Kh7 92. Kf7 Kh6 93. Kf6 Kh7 1/2-1/2

[Event "Mondariz Balneario IM"]
[Site "Mondariz"]
[Date "2016.12.22"]
[Round "8"]
[White "Cardenas, William"]
[Black "Mihajlov, Sebastian"]
[Result "0-1"]
[WhiteElo "2055"]
[BlackElo "2384"]
[PlyCount "78"]
[EventDate "2016.12.17"]
[EventType "tourn"]
[EventRounds "9"]
[EventCountry "ESP"]
[EventCategory "3"]
[SourceTitle "CBM 176 Extra"]
[Source "ChessBase"]
[SourceDate "2017.03.02"]
[SourceVersion "1"]
[SourceVersionDate "2017.03.02"]
[SourceQuality "1"]

1. Nf3 Nf6 2. g3 g6 3. b3 Bg7 4. Bb2 d6 5. d4 Bf5 6. Bg2 Qc8 7. h3 0-0 8. c4 c6 9. Nc3 Ne4 10. Nh4 Nxc3 11. Bxc3 Bd7 12. Rc1 e5 13. e4 Na6 14. Qd2 Re8 15. d5 Nc5 16. Bb4 cxd5 17. Bxc5 Qxc5 18. cxd5 Qb5 19. Bf1 Qb6 20. Bc4 Rac8 21. Kf1 Qd4 22. Qxd4 exd4 23. Re1 b5 24. Bd3 f5 25. f3 fxe4 26. Bxe4 Bf5 27. Ng2 Bxe4 28. fxe4 Rc3 29. Nf4 Rxg3 30. Kf2 Rc3 31. Ne6 Be5 32. Re2 Re7 33. Rd2 Rf7+ 34. Ke2 Re3+ 35. Kd1 d3 36. Rg2 Bc3 37. Rhg1 Rf6 38. Nc7 Ref3 39. Re1 Rf1 0-1

[Event "Mondariz Balneario IM"]
[Site "Mondariz"]
[Date "2016.12.19"]
[Round "3"]
[White "Cardenas, William"]
[Black "Rodriguez Lopez, Rafael"]
[Result "0-1"]
[WhiteElo "2055"]
[BlackElo "2256"]
[PlyCount "122"]
[EventDate "2016.12.17"]
[EventType "tourn"]
[EventRounds "9"]
[EventCountry "ESP"]
[EventCategory "3"]
[SourceTitle "CBM 176 Extra"]
[Source "ChessBase"]
[SourceDate "2017.03.02"]
[SourceVersion "1"]
[SourceVersionDate "2017.03.02"]
[SourceQuality "1"]

1. e4 e5 2. Nf3 Nc6 3. Bb5 a6 4. Ba4 Nf6 5. 0-0 Be7 6. d3 b5 7. Bb3 d6 8. c3 0-0 9. Nbd2 Na5 10. Bc2 c5 11. Re1 Nc6 12. Nf1 h6 13. h3 Re8 14. Ng3 Be6 15. d4 cxd4 16. cxd4 Nxd4 17. Nxd4 exd4 18. Qxd4 Rc8 19. Bb3 d5 20. Bf4 Bc5 21. Qd2 Nxe4 22. Nxe4 dxe4 23. Qxd8 Rcxd8 24. Rac1 Bd4 25. Rc6 Bxb3 26. axb3 Bxb2 27. Rb1 Be5 28. Bxe5 Rxe5 29. Rxa6 Rd2 30. Re1 Rb2 31. Re3 f5 32. g3 Rc5 33. Rb6 Rc1+ 34. Kg2 Rcc2 35. Rxb5 Rxf2+ 36. Kg1 h5 37. h4 Rg2+ 38. Kf1 Rbf2+ 39. Ke1 Rc2 40. Kf1 g6 41. Rb7 Rh2 42. Kg1 Rhd2 43. Kf1 Rd1+ 44. Re1 Rxe1+ 45. Kxe1 Rg2 46. b4 Rxg3 47. b5 Rg2 48. Rc7 Rb2 49. Rc6 Rxb5 50. Rxg6+ Kf7 51. Rg5 Kf6 52. Rxh5 Rb2 53. Rh8 Rh2 54. Kf1 Kg7 55. Rh5 Kg6 56. Rg5+ Kf6 57. Rh5 e3 58. Rh8 f4 59. Rf8+ Ke5 60. Re8+ Kf5 61. Rf8+ Ke4 0-1

[Event "Uppsala Young Champions op"]
[Site "Uppsala"]
[Date "2016.11.01"]
[Round "7"]
[White "Cardenas, William"]
[Black "Aira, Leonardo"]
[Result "1-0"]
[WhiteElo "1986"]
[BlackElo "1861"]
[PlyCount "121"]
[EventDate "2016.10.28"]
[EventType "swiss"]
[EventRounds "9"]
[EventCountry "SWE"]
[SourceTitle "CBM 175 Extra"]
[Source "ChessBase"]
[SourceDate "2016.12.12"]
[SourceVersion "1"]
[SourceVersionDate "2016.12.12"]
[SourceQuality "1"]

1. e4 e6 2. Nf3 d5 3. Nc3 Nf6 4. e5 Nfd7 5. d4 c5 6. dxc5 Bxc5 7. Bd3 Nc6 8. Bf4 f6 9. exf6 Nxf6 10. 0-0 0-0 11. Ne5 Bd7 12. Qe2 Nxe5 13. Bxe5 Be8 14. Bg3 Bf7 15. Rae1 Nh5 16. Be5 Qg5 17. g3 a6 18. Kh1 Nf6 19. f4 Qg4 20. Qg2 Qh5 21. h3 Nd7 22. Na4 Bg6 23. Be2 Qf5 24. Bg4 Qf7 25. Bd4 Be4 26. Rxe4 dxe4 27. Qxe4 Rfe8 28. Nxc5 Nxc5 29. Bxc5 Rac8 30. b4 Qd7 31. Re1 Qc6 32. Qxc6 Rxc6 33. Bf3 Rc7 34. c3 b6 35. Bd4 Kf7 36. Bh5+ g6 37. Bg4 b5 38. h4 h5 39. Bh3 Rcc8 40. Kg2 Ra8 41. Kf3 a5 42. a3 axb4 43. axb4 Rab8 44. Re5 Rb7 45. Ke3 Rbb8 46. Kd3 Rb7 47. Bg2 Rbb8 48. Bc6 Red8 49. Be4 Rg8 50. Kc2 Rgd8 51. Kb3 Rg8 52. Bd3 Rgd8 53. Rg5 Rg8 54. Bxb5 Ra8 55. Kb2 Rad8 56. Bd3 Rd5 57. Rxd5 exd5 58. b5 Ke6 59. b6 Kd7 60. Bb5+ Kc8 61. Bc6 1-0

[Event "Vasteras op"]
[Site "Vasteras"]
[Date "2016.09.24"]
[Round "5"]
[White "Cardenas, William"]
[Black "Johansson, Carl Fredrik"]
[Result "1-0"]
[WhiteElo "2000"]
[BlackElo "2184"]
[PlyCount "85"]
[EventDate "2016.09.23"]
[EventType "swiss"]
[EventRounds "8"]
[EventCountry "SWE"]
[SourceTitle "CBM 174 Extra"]
[Source "ChessBase"]
[SourceDate "2016.10.10"]
[SourceVersion "1"]
[SourceVersionDate "2016.10.10"]
[SourceQuality "1"]

1. c4 g6 2. d4 Bg7 3. Nf3 d6 4. Nc3 Nf6 5. e4 0-0 6. Be2 Bg4 7. Be3 Nfd7 8. Nd2 Bxe2 9. Qxe2 Nc6 10. Nb3 e5 11. d5 Nd4 12. Qd1 Qf6 13. 0-0 c5 14. dxc6 bxc6 15. f4 Nxb3 16. axb3 Bh6 17. Qd2 Qe7 18. f5 Bxe3+ 19. Qxe3 Nf6 20. b4 Kg7 21. b5 cxb5 22. Nxb5 Rfc8 23. b3 Rc5 24. Rad1 Rc6 25. Rd2 Rb6 26. h3 Ne8 27. f6+ Nxf6 28. Rdf2 Nd7 29. Nc7 Rf8 30. Nd5 Qe6 31. Nxb6 axb6 32. g4 f6 33. Ra1 Kg8 34. Qd3 Nc5 35. Qe3 Rc8 36. Ra7 Nd7 37. Rd2 b5 38. cxb5 Rc1+ 39. Kh2 Rb1 40. Qh6 Qe8 41. Rxd6 Rb2+ 42. Rd2 Qb8 43. Raxd7 1-0